Histoire morale & immorale de la monnaie

Gespeichert in:
Bibliographische Detailangaben
1. Verfasser: Sédillot, René
Format: Buch
Sprache:Französisch
Veröffentlicht: Paris Bordas 1989
Schlagworte:
Tags: Tag hinzufügen
Keine Tags, Fügen Sie das erste Tag hinzu!

MARC

LEADER 00000nam$a2200000$$$4500
001 0113135
005 20221205071650.2
020 |a 2-04-018406-6 
041 0 |a fre 
044 |a FR 
245 1 0 |a Histoire morale & immorale de la monnaie  |c René Sédillot 
264 1 |a Paris  |b Bordas  |c 1989 
300 |a 383 s. 
610 2 0 |a mena 
610 2 0 |a peniaze 
610 2 0 |a politika menová 
610 2 0 |a morálka 
610 2 0 |a história 
100 1 |a Sédillot, René